• 首页
  • 本馆介绍
  • 公告通知
  • 最新文献
  • 馆藏检索
  • 电子资源
  • 读者导购
  • 参考咨询
  • 我的图书馆
  • 登录
  • 详细信息显示
  • 放入我的书架
  • 预约/预借图书
  • 作者相关作品
  • 分类相关作品
  • 丛书相关作品
  • 出版社相关作品

书目信息

  • 表格格式
  • 工作单格式
  • 卡片格式
题名:
调和分析及其在偏微分方程中的应用
    
 
作者: 苗长兴 著
分册:  
出版信息: 北京   科学出版社  2004
页数: 14,619页
开本: 24cm
丛书名: 现代数学基础丛书
单 册:
中图分类: O241.86
科图分类:
主题词: 偏微分方程--实用调和分析 , 偏微分方程 , 实用调和分析
电子资源:
ISBN: 7-03-012665-3
000 00950oam2 2200277 450
001 0709000119
005 20070531130625.78
010    @a7-03-012665-3@dCNY59.00
100    @a20040517e20062004em y0chiy0110 ea
101 0  @achi
102    @aCN@b110000
105    @ay z 001yy
200 1  @a调和分析及其在偏微分方程中的应用@Atiao he fen xi ji qi zai pian wei fen fang cheng zhong de ying yong@f苗长兴著
205    @a2版
210    @a北京@c科学出版社@d2004@h2006
215    @a14,619页@d24cm
225 2  @a现代数学基础丛书@v89
330    @a本书的特色是将调和分析的现代方法与偏微分方程的研究有机地结合起来,介绍了调和分析的基本内容、基本技巧以及它在偏微分方程中的应用。
461  0 @12001 @a现代数学基础丛书@v89
606 0  @a偏微分方程@x实用调和分析
606 0  @a偏微分方程
606 0  @a实用调和分析
690    @aO241.86@v4
701  0 @a苗长兴@Amiao chang xing@c(数学)@4著
801  0 @aCN@bTAOJIN@c20070531
905    @a10447@dO241.86@e147=2
    
    调和分析及其在偏微分方程中的应用/苗长兴著.-2版.-北京:科学出版社,2004(2006)
    14,619页;24cm.-(现代数学基础丛书;89)
    
    
    ISBN 7-03-012665-3:CNY59.00
    本书的特色是将调和分析的现代方法与偏微分方程的研究有机地结合起来,介绍了调和分析的基本内容、基本技巧以及它在偏微分方程中的应用。
●
相关链接 在E读中查询图书 在五车中查询图书 在当当中查询图书 在豆瓣中查询图书


正题名:调和分析及其在偏微分方程中的应用     索取号:O241.86/147=2         预约/预借

序号 登录号 条形码 馆藏地/架位号 状态 备注
1 0523971   205239712   第二样本阅览室/ [索取号:O241.86/147=2] 在馆    
2 0523972   205239721   第三借阅区/ [索取号:O241.86/147=2] 在馆    
3 0523973   205239730   第三借阅区/ [索取号:O241.86/147=2] 在馆    
唐山师范学院图书馆 欢迎您!
大连网信软件有限公司© 版权所有